000 01726nam a2200253 a 4500
001 001133541
003 AM-YeHGA
005 20250618074507.0
008 160304s2015 ai ||||er|||||000|0|arm|d
020 _a9789939723136
040 _aAM-YeHGA
041 0 _aarm
245 0 0 _aՌադիոէլեկտրոնային միջոցների կոնստրուկտավորում և տեխնոլոգիա :
_bՔննական թեստերի, խնդիրների և հարցերի ժողովածու /
_cՀՀ Կրթ. և Գիտ. նախ., ՀԱՊՀ. ՌևԿՀ ֆակ. ՌԿ և արտ. ամբիոն. ; Կազմ.` Վ.Ե. Առուստամյան, Գ.Ե. Այվազյան, Գ.Վ. Ջավահիրյան.
260 _aԵրևան :
_bՃարտարագետ,
_c2015.
300 _a56 էջ.
530 _aԷլեկտրոնային պաշարը հասանելի է ՀՊՃՀ-ի գրադարանի էլեկտրոնային ընթերցասրահում :
_uhttp://libsrv.seua.am/chair_publications/2330E.pdf
650 1 4 _aՌԷՄ կոնստրուկտավորում և տեխնոլոգիա
700 1 _aԱռուստամյան, Վլադիմիր Երվանդի
_eկազմ.
_4com
_92466
700 1 _aԱյվազյան, Գագիկ Երջանիկի
_eկազմ.
_4com
700 1 _aՋավահիրյան, Գայանե Վրեժիկի
_eկազմ.
_4com
710 2 _aՀՀ կրթության և գիտության նախարարություն
_98625
710 2 _aՀայաստանի ազգային պոլիտեխնիկական համալսարան.
_bՌադիոտեխնիկայի և կապի համակարգերի ֆակուլտետ.
_bՌադիոսարքավորումների կոնստրուկտավորման և արտադրություն ամբիոն
090 _c365711
999 _c363859
_d363859